HIGHEST RATED PLAYER FROM EVERY COUNTRY ON FC 26 - LETTER G - Statistics

General Stats
  • This quiz has been taken 4 times
  • The average score is 4 of 11
Answer Stats
Country Player Overall % Correct
Gabon🇬🇦 pierre-emerick aubameyang 81
100%
Germany🇩🇪 florian wirtz 89
75%
Georgia🇬🇪 khvicha kvaratskhelia 87
75%
Guinea🇬🇳 serhou guirassy 87
50%
Ghana🇬🇭 iñaki williams 83
25%
Greece🇬🇷 vangelis pavlidis 82
25%
Guatemala🇬🇹 aarón herrera 71
0%
Guinea-Bissau🇬🇼 beto 76
0%
Guyana🇬🇾 iIsaiah jones 71
0%
Gambia🇬🇲 musa barrow 78
0%
Grenada🇬🇩 shandon baptiste 69
0%
No matching quizzes found
Score Distribution
Percent of People with Each Score
Percentile by Number Answered
Your Score History
You have not taken this quiz